000 00592nam a22002297a 4500
003 UA-OsUOA
001 37932
007 ta
008 20070605b un ||||| |||| 00| 0 ukr d
090 _a050
_bУ45
942 _cMG
040 _aUA-OsUOA
_brus
_cUA-OsUOA
_dUA-OsUOA
245 _aУкраїнський огляд
_bНезалежне видання українців в Росії
300 _a48 с.
955 _a1
041 _arus
080 _a050
260 _aМосква
310 _aТравень-червень 2006. - №5-6(10-11)
650 7 _2UDC
999 _c436457
_d436457